Music Quiz

Random Music or Song Quiz

Name the Dutch disney song lyrics Quiz Stats

 Plays Quiz not verified by Sporcle

Score 0/200 Timer 10:00
0 Plays Today
% Correct
ik
83.3%
Ik
83.3%
ik
83.3%
Ik
83.3%
'k
83.3%
'k
83.3%
Een
79.6%
Een
79.6%
een
79.6%
Een
79.6%
Een
79.6%
een
79.6%
een
79.6%
een
79.6%
een
79.6%
een
79.6%
de
78.4%
Het
77.8%
het
77.8%
Het
77.8%
het
75.9%
het
75.9%
is
74.1%
is
74.1%
is
74.1%
is
74.1%
is
74.1%
al
70.4%
al
70.4%
me
68.5%
is
68.5%
is
68.5%
we
67.9%
we
67.9%
zijn
66%
zijn
66%
zijn
66%
en
64.8%
in
64.8%
en
64.8%
in
64.8%
en
64.8%
en
64.8%
en
64.8%
je
64.2%
je
64.2%
je
64.2%
je
64.2%
je
64.2%
je
64.2%
mij
63.6%
mij
63.6%
mij
63.6%
mij
63.6%
op
63%
op
63%
op
63%
Wij
60.5%
Wij
60.5%
Wij
60.5%
Wij
60.5%
wij
60.5%
Wij
60.5%
jou
58.6%
jou
58.6%
jou
58.6%
jou
58.6%
% Correct
jou
58.6%
Voor
57.4%
voor
57.4%
na
55.6%
ben
54.3%
dat
54.3%
dat
54.3%
met
52.5%
met
52.5%
met
52.5%
met
52.5%
wereld
51.9%
wereld
51.9%
wereld
51.9%
wereld
51.9%
wereld
51.9%
van
50%
mooi
50%
van
50%
die
50%
ons
50%
maar
50%
die
50%
maar
50%
mee
48.1%
Of
48.1%
mee
48.1%
of
48.1%
mee
48.1%
of
48.1%
niet
47.5%
Onze
45.7%
nieuw
45.7%
nieuw
45.7%
nieuw
45.7%
Nieuw
45.7%
samen
45.7%
nieuw
45.7%
Mijn
43.8%
Vlieg
43.2%
mag
43.2%
mag
43.2%
vlieg
43.2%
Vlieg
43.2%
gaan
43.2%
begin
42.6%
begin
42.6%
begin
42.6%
begin
42.6%
begin
42.6%
Wie
42.6%
nu
42%
nu
42%
nu
42%
nu
42%
nu
42%
nu
42%
nu
42%
te
39.5%
te
39.5%
Deze
38.3%
nieuwe
37.7%
wel
37.7%
nieuwe
37.7%
door
37%
door
37%
dromen
35.8%
% Correct
dromen
35.8%
wonder
35.2%
wonder
35.2%
Alles
35.2%
dit
35.2%
alles
35.2%
Alles
35.2%
had
34.6%
stralend
34%
schitterend
33.3%
zorgen
33.3%
Niemand
33.3%
laat
33.3%
nog
33.3%
wacht
32.7%
maak
32.7%
wacht
32.7%
om
32.1%
Hoe
31.5%
liefde
31.5%
staan
31.5%
staan
31.5%
waarin
31.5%
snel
31.5%
vergeet
31.5%
toverkleed
31.5%
af
31.5%
staan
31.5%
net
31.5%
net
31.5%
vrij
30.9%
vrij
30.9%
vrij
30.9%
vrij
30.9%
even
30.2%
zegt
30.2%
even
30.2%
denken
29%
horizon
28.4%
Toon
28.4%
ooit
28.4%
Spannend
27.8%
breed
27.8%
durven
27.8%
hart
27.2%
bijzonder
25.9%
ruimte
25.9%
ruimte
25.9%
Eindelijk
25.3%
helemaal
25.3%
terug
24.7%
glij
24.1%
deel
23.5%
beiden
23.5%
liefst
22.8%
gebied
22.8%
Perzisch
22.2%
vol
19.1%
meteoor
16%
schiet
16%
subliem
16%
middenin
13.6%
ontstaan
13.6%
zwenkend
11.7%
Zwevend
11.1%
tuim'lend
7.4%

You're not logged in!

Compare scores with friends on all Sporcle quizzes.
OR
Log In

Show Comments

Extras

Top Quizzes Today


Score Distribution

Your Account Isn't Verified!

In order to create a playlist on Sporcle, you need to verify the email address you used during registration. Go to your Sporcle Settings to finish the process.

Report this User

Report this user for behavior that violates our Community Guidelines.

Details: